Skip to main content
Your cart is empty.
Your lists
Log in to create your own lists
Your cookies
العربية
English
العربية
Home
Search
Advanced search
Authority search
About
The noble scholar, jurist, historian
His Excellency Dr. Abdul Wahhab bin Ibrahim Abu Sulaiman, may Allah have mercy on him.
He was born in Umm Al-Qura in the year 1356 AH.
Library catalog
Title
Author
Subject
ISBN
ISSN
Series
Call number
Log in to your account
×
Login:
Password:
Home
MARC view: أصدقاء وذكريات :
Normal view
MARC view
ISBD view
أصدقاء وذكريات : (Record no. 11758)
[
view plain
]
MARC details
000 -LEADER
fixed length control field
01418cam a22002771i 4500
003 - CONTROL NUMBER IDENTIFIER
control field
SA-RiAUC
005 - DATE AND TIME OF LATEST TRANSACTION
control field
20250915111737.0
008 - FIXED-LENGTH DATA ELEMENTS--GENERAL INFORMATION
fixed length control field
250903s1999 su a g f010 0 ara c
040 ## - CATALOGING SOURCE
Original cataloging agency
SA-JeALM
Language of cataloging
ara
Transcribing agency
SA-RiAUC.
Description conventions
rda
043 ## - GEOGRAPHIC AREA CODE
Geographic area code
a-su---
082 04 - DEWEY DECIMAL CLASSIFICATION NUMBER
Classification number
915.3104
Assigning agency
SA-RiAUC
090 ## - LOCALLY ASSIGNED LC-TYPE CALL NUMBER (OCLC); LOCAL CALL NUMBER (RLIN)
Classification number (OCLC) (R) ; Classification number, CALL (RLIN) (NR)
915.3104
Local cutter number (OCLC) ; Book number/undivided call number, CALL (RLIN)
س م ا
100 1# - MAIN ENTRY--PERSONAL NAME
Personal name
السماري، فهد بن عبد الله بن عبد العزيز،
Dates associated with a name
1377 هجري-
Relator term
مؤلف.
245 10 - TITLE STATEMENT
Title
أصدقاء وذكريات :
Remainder of title
انطباعات وذكريات أمريكية عن الحياة والعمل في المملكة العربية السعودية، 1938-1998 م. /
Statement of responsibility, etc.
الإعداد والتحرير فهد بن عبد الله بن عبد العزيز السماري، جيل أ. روبيرج ؛ جمع المادة مايكل كروكر.
250 ## - EDITION STATEMENT
Edition statement
الطبعة الأولى.
264 #1 - PRODUCTION, PUBLICATION, DISTRIBUTION, MANUFACTURE, AND COPYRIGHT NOTICE
Place of production, publication, distribution, manufacture
الرياض :
--
[واشنطن] :
Name of producer, publisher, distributor, manufacturer
دارة الملك عبد العزيز ؛
--
جمعية أبناء العاملين بأرامكو،
Date of production, publication, distribution, manufacture, or copyright notice
1999
300 ## - PHYSICAL DESCRIPTION
Extent
62، 59 صفحة :
Other physical details
مصور ؛
Dimensions
27 سم
336 ## - CONTENT TYPE
Content type term
نص
Content type code
txt
Source
rdacontent
Materials specified
كتاب
337 ## - MEDIA TYPE
Media type term
بدون وسيط
Media type code
n
Source
rdamedia
338 ## - CARRIER TYPE
Carrier type term
مجلد
Carrier type code
nc
Source
rdacarrier
651 #7 - SUBJECT ADDED ENTRY--GEOGRAPHIC NAME
Geographic name
السعودية
General subdivision
وصف ورحلات
Source of heading or term
aucsh
700 1# - ADDED ENTRY--PERSONAL NAME
Personal name
روبيرج، جيل أ.
Relator term
مؤلف.
700 1# - ADDED ENTRY--PERSONAL NAME
Personal name
كروكر، مايكل
Relator term
جامع.
942 ## - ADDED ENTRY ELEMENTS (KOHA)
Source of classification or shelving scheme
Dewey Decimal Classification
Koha item type
Books
Suppress in OPAC
No
949 ## - LOCAL PROCESSING INFORMATION (OCLC)
a
SA-JeALM
d
250903
u
osman123
n
1
Holdings
Withdrawn status
Lost status
Source of classification or shelving scheme
Damaged status
Not for loan
Home library
Current library
Date acquired
Total checkouts
Full call number
Barcode
Date last seen
Price effective from
Koha item type
Dewey Decimal Classification
DR AbdElwahab Library
DR AbdElwahab Library
09/15/2025
915.3104 س م ا
000018952
09/15/2025
09/15/2025
Books
Place hold
Print
Add to your cart
(remove)
Save record
BIBTEX
Dublin Core
MARCXML
MARC (non-Unicode/MARC-8)
MARC (Unicode/UTF-8)
MARC (Unicode/UTF-8, Standard)
MODS (XML)
RIS
ISBD
More searches
Search for this title in:
Other Libraries (WorldCat)
Other Databases (Google Scholar)
Online Stores (Bookfinder.com)
Open Library (openlibrary.org)
Exporting to Dublin Core...
×
Simple DC-RDF
OAI-DC
SRW-DC